000 00355nam a2200133Ia 4500
008 191201s2001 xx 000 0 und d
082 _a621.3813
_bCHM
100 _aCHATTERJEE, Rajeshwari
245 0 _aMicrowave Engineering Special Topics
260 _aN.Delhi
_bEast West Press Pvt Ltd
_c2001
300 _a535
650 _aB.Tech(ECE)
942 _2ddc
_cBK
999 _c1611
_d1611